MSC Croisières - Navires - Statistiques

Statistiques générales
  • Ce quiz a été pris 61 fois
  • Le résultat moyen est 11 sur 23
Statistiques - réponses
Classe Passagers Année de mise en service Navire % Correct
Fantasia 3 247 2008 MSC Fantasia
81%
Lirica 2 087 2003 MSC Lirica
81%
World 6 762 2022 MSC World Europa
81%
Musica 2 550 2006 MSC Musica
75%
World 6774 2025 MSC World America
75%
Meraviglia 5 714 2017 MSC Meraviglia
69%
Seaside 5 179 2017 MSC Seaside
69%
Seaside 5 179 2018 MSC Seaview
63%
Musica 2 550 2010 MSC Magnifica
50%
Musica 2 550 2008 MSC Poesia
50%
Seaside Evo 5 632 2021 MSC Seashore
44%
Musica 2 550 2007 MSC Orchestra
38%
Lirica 2 087 2002 MSC Sinfonia
38%
Lirica 2 087 2001 MSC Armonia
31%
Fantasia 3 502 2012 MSC Divina
31%
Meraviglia Plus 6 334 2023 MSC Euribia
31%
Lirica 2 087 2004 MSC Opera
31%
Seaside Evo 5 632 2022 MSC Seascape
31%
Meraviglia 5 714 2019 MSC Bellissima
25%
Meraviglia Plus 6 334 2021 MSC Virtuosa
25%
Meraviglia Plus 6 334 2019 MSC Grandiosa
19%
Fantasia 3 274 2009 MSC Splendida
19%
Fantasia 3 502 2013 MSC Preziosa
13%
Aucun quiz correspondant
Distribution des résultats
% des personnes avec chaque résultat
Percentile par nombre de réponses
Votre historique - résultats
Vous n’avez pas pris ce quiz